| 000 | 00362 a2200169 4500 | ||
|---|---|---|---|
| 001 | 163132 | ||
| 020 | _a | ||
| 040 | _cMagnum | ||
| 100 | _aOrthof, Sylvia | ||
| 240 | 1 | 0 |
_aA fada lá de pasárgada _lpor |
| 245 | 1 | 0 | _aA fada lá de pasárgada |
| 300 | _a55 | ||
| 362 | 0 | _a1990 | |
| 440 | 1 | _aMiguilim | |
| 697 | _aLITERATURA INFANTO-JUVENIL | ||
| 942 | _cBK | ||
| 999 |
_c163132 _d163132 |
||